000 01670cam a22004217a 4500
003 CHAP
005 20220817041626.0
008 971013s1977 r 00010 d
010 _a20085
011 _a21057
035 _a25146
040 _cCHAP
090 _aFolleto 6641 (1977)
100 1 0 _aAppendini, Kirsten A. de.
_96344
245 0 _aAgricultura capitalista y agricultura campesina en México :
_b(diferencias regionales en base al análisis de datos censales)
_c/por Kirsten A. de Appendini y Vania Almeida Salles
250 _a2 ed. corr.
260 _aMéxico, D.F., :
_bEl Colegio de México,
_c1977
300 _a39 p.
_b; mapas
410 0 0 _aEl Colegio de México :
_bCentro de Estudios Sociológicos
490 0 _aCuadernos del CES
_v; 10
590 _aBATCH-UPD
_b10
_c20130110
_lUCH01
_h0318
590 _aBATCH-UPD
_b10
_c20130110
_lUCH01
_h1929
590 _aBATCH-UPD
_b10
_c20130409
_lUCH01
_h2350
590 _aBATCH-UPD
_b10
_c20130914
_lUCH01
_h0039
590 _aBATCH-UPD
_b10
_c20130914
_lUCH01
_h2133
590 _aBATCH-UPD
_b10
_c20190513
_lUCH01
_h0934
590 _aCONVERSION
_b10
_c20130109
_lUCH01
_h1312
650 1 4 _aAgricultura
_xAspectos económicos.
650 1 4 _aAgricultura
_zMéxico.
_91932
700 0 _aAlmeida Salles, Vania.
_94507
810 0 0 _aEl Colegio de México :
_bCentro de Estudios Sociológicos
830 0 _aCuadernos del CES
_v; 10
_929827
901 _aBK
942 _cFOLL
949 _aFolleto 6641 (1977)
_bBC
_cFOLL
_d-57999
_eTS1
_i25146
_mD
_si
949 _aFolleto 6641 (1977)
_bBC
_cFOLL
_d25146
_eTS2
_fc.2
_gDonaciØn
_i25146
_sb
949 _aFolleto 6641 (1977)
_bBC
_cFOLL
_d251463
_eTS2
_fc.3
_gDonaciØn
_i25146
_sb
999 _c20085
_d20085